| 000 | nam a22 7a 4500 | ||
|---|---|---|---|
| 999 |
_c12603 _d12603 |
||
| 003 | OSt | ||
| 005 | 20240611152818.0 | ||
| 008 | 240611b xxu||||| |||| 00| 0 eng d | ||
| 020 | _a9786249334601 | ||
| 040 | _cNARA | ||
| 082 | _aSLB | ||
| 100 |
_921688 _aAbeywicrama, B.A. |
||
| 245 | _aThe Coastal Plants of Sri Lanka Part III - Sandy Seashore Vegetation: Section A - Seashore Plants | ||
| 260 | _bAuthor Publication | ||
| 300 | _a214p. | ||
| 650 | 0 |
_921689 _aCoastal Plants |
|
| 650 | 0 |
_921691 _aSeashore Plants |
|
| 650 | 0 |
_921690 _aSandy Seashore Vegetation |
|
| 700 |
_99952 _aArulgnanam, P. |
||
| 942 |
_2ddc _cSL-B |
||